|
|
|
|
| LEADER |
00000nam a22000007i 4500 |
| 001 |
IT\ICCU\MOD\0940600 |
| 003 |
ItRI |
| 005 |
20260223080758.0 |
| 008 |
050517s2004 it |||||| ||||| |||||c |
| 020 |
|
|
|a 888686535X
|
| 040 |
|
|
|b ita
|c GP
|
| 041 |
|
7 |
|a ita
|2 ISO-639-2
|
| 100 |
1 |
|
|a Savona, Alessandro
|0 IT\ICCU\MODV\326214
|4 aut
|
| 245 |
1 |
0 |
|a Corpi contro /
|c Alessandro Savona.
|
| 260 |
|
|
|a Forli :
|b Zoe,
|c [2004]
|
| 300 |
|
|
|a 143 p. ;
|c 20 cm.
|
| 942 |
|
|
|2 ddc
|c BK
|
| 952 |
|
|
|0 0
|1 0
|2 ddc
|4 0
|6 853_920000000000000_SAV
|7 1
|9 1152
|a RM
|b RM
|d 2024-04-03
|l 0
|o 853.92 SAV
|p 682
|r 2024-04-03 18:32:15
|w 2024-04-03
|y BK
|
| 952 |
|
|
|0 0
|1 0
|2 ddc
|4 0
|6 853_920000000000000_SAV_COR
|7 1
|9 2508
|a RN
|b RN
|d 2024-12-30
|l 0
|o 853.92 SAV COR
|p 9952
|r 2024-12-30 14:54:03
|w 2024-12-30
|y BK
|
| 952 |
|
|
|0 0
|1 0
|2 ddc
|4 0
|6 11
|7 0
|9 28549
|a BS
|b BS
|d 2026-02-06
|i 351
|l 0
|o 1-1-*
|r 2026-02-06 22:40:37
|w 2026-02-06
|x [REVISIONARE]
|y BK
|
| 999 |
|
|
|c 1056
|d 1056
|